| 000 | 00628nam a2200217Ii 4500 | ||
|---|---|---|---|
| 001 | 2781 | ||
| 003 | CO-ViMGA | ||
| 008 | 241108s9999||||xx |||||||||||||| ||und|| | ||
| 020 | _a9789588931197 | ||
| 040 |
_aCO-ViMGA _bspa _erda _cCO-ViMGA |
||
| 041 | 0 | _aspa | |
| 082 | 0 | 4 | _a612.01448 A42vo |
| 100 | 1 |
_aSvetlana Alexiévich _952311 |
|
| 245 | 1 | 0 |
_aVoces de Chernóbil : _bcrónica del futuro |
| 264 | 1 | _aBogotá, Colombia : Debate, 2015 | |
| 300 | _avolumen | ||
| 336 |
_atext _btxt _2rdacontent |
||
| 337 |
_aunmediated _bn _2rdamedia |
||
| 338 |
_avolume _bnc _2rdacarrier |
||
| 940 | _aidficha_siabuc: 2721. -- ficha_no_siabuc:2781 | ||
| 999 |
_c47095 _d47095 |
||